| 000 | 00688nam a2200229 i 4500 | ||
|---|---|---|---|
| 001 | 141510 | ||
| 003 | ES-MaACL | ||
| 005 | 20250822063207.0 | ||
| 007 | t| | ||
| 008 | 070925s1966 sp ||||1| spa d | ||
| 080 | _a791.43 | ||
| 100 | 1 |
_aVillegas López, Manuel, _d1906-1980 _9115221 |
|
| 245 | 1 | 3 |
_aEl cine en la sociedad de masas / _cManuel Villegas López. |
| 250 | _a1ª ed. | ||
| 260 |
_aMadrid : _bAlfaguara, _c1966. |
||
| 300 |
_a180 p. : _bil. ; _c21 cm. |
||
| 490 | 1 |
_aHombres, hechos e ideas ; _v4 |
|
| 650 | 1 | 4 |
_aCine- _xAspectos sociales. _911015 |
| 830 | 1 |
_aHombres, hechos e ideas ; _v4 _9181583 |
|
| 852 |
_aES-MaACL _jC-30311 |
||
| 999 |
_c141510 _d141510 |
||